Normal view MARC view

Entry Personal Name

Number of records used in: 1

001 - CONTROL NUMBER

  • control field: 13133

003 - CONTROL NUMBER IDENTIFIER

  • control field: OSt

005 - DATE AND TIME OF LATEST TRANSACTION

  • control field: 20191209111100.0

008 - FIXED-LENGTH DATA ELEMENTS

  • fixed length control field: 191209|| aca||aabn | a|a d

040 ## - CATALOGING SOURCE

  • Original cataloging agency: OSt
  • Transcribing agency: OSt

100 ## - HEADING--PERSONAL NAME

  • Personal name: K๏ฟฝothe, Gottfried,
  • Dates associated with a name: 1905-

670 ## - SOURCE DATA FOUND

  • Source citation: Work cat.: (OSt): K๏ฟฝothe, Gottfried, 1905-, Topological vector spaces /, 1983-